|
|
|
|
| LEADER |
00000nam a2200000 a 4500 |
| 001 |
vtls001334448 |
| 003 |
SK-MaSNL |
| 005 |
20260301235754.0 |
| 008 |
240314s1992 xxu slo |
| 020 |
|
|
|c 15,00
|
| 035 |
|
|
|a SNK000287393
|
| 035 |
|
|
|a urn:nbn:sk:snk-amkhul
|
| 035 |
|
|
|a urn:nbn:sk:snk-am003ctd
|
| 035 |
|
|
|a 521006F4-DA33-4E08-B4BF-A92B32A0C50C
|
| 040 |
|
|
|a SNK
|b slo
|c SNK
|e AACR2
|
| 041 |
0 |
|
|a slo
|
| 044 |
|
|
|a US
|
| 080 |
|
|
|a 243
|2 1981
|
| 100 |
1 |
|
|a Uhri, Vladimir
|4 aut
|9 283757
|
| 245 |
1 |
0 |
|a Modlitba spravodlivého
|c Vladimir Uhri
|
| 260 |
|
|
|a Medford
|b New Creation Publishing
|c 1992
|
| 300 |
|
|
|a 30 s.
|c 22 cm
|
| 650 |
0 |
7 |
|a modlitba
|x brožúry
|2 SNK
|9 633455
|
| 999 |
|
|
|c 976552
|d 978482
|
| 952 |
|
|
|t P60, <03>, [BOOK], {603}
|a SNK
|b SNK
|y PREZ
|7 0
|p 17A0140617
|o snkSC 96226
|i snkK 1015/98
|0 0
|1 0
|4 0
|d 1998-10-30
|f 1
|l 0
|r 2025-09-16 00:00:00
|w 2026-02-24
|